| 000 | 02182nam0a22003851 4500 | ||
|---|---|---|---|
| 001 | rc\2812230 | ||
| 005 | 20250806202729.0 | ||
| 035 | _a(NLR Aleph) 007210734 | ||
| 090 |
_a58708 _c58708 |
||
| 100 | _a20110915d1944 u y0rusy50 ca | ||
| 101 | 0 | _arus | |
| 102 | _aRU | ||
| 105 | _aac z ||||| | ||
| 135 | _acrbn 008apadp | ||
| 200 | 1 |
_aСборник работ по военно-полевой и общей хирургии, посвященный XXX-летию научной, врачебно-педагогической и общественной деятельности заслуженного деятеля науки, профессора, доктора медицинских наук А. В. Смирнова _fНКПС СССР. Врачеб.-сан. служба Октябр. жел. дороги. НКЗ РСФСР. 2-й Ленингр. мед. ин-т |
|
| 210 |
_a[Ленинград] _cМедгиз. Ленингр. отд-ние _d1944 _gтип. им. Евг. Соколовой |
||
| 215 |
_aXI, 179 с., 1 л. портр. _cил., диагр. _d25 см. |
||
| 320 | _aБиблиогр.: в конце статей | ||
| 325 | _aКопия доступна в Электрон. б-ке РНБ | ||
| 600 | 1 |
_aСмирнов _bА.В. _gАлександр Васильевич |
|
| 712 | 0 | 2 | _aЛенинградский мед. ин-т (2) |
| 712 | 0 | 2 |
_aОктябрьская железная дорога _bВрачебно-санитарная служба _3RU\NLR\AUTH\8810022833 |
| 801 | 0 |
_aRU _bNLR _gpsbo |
|
| 801 | 1 |
_aRU _bELAR _2rusmarc |
|
| 852 |
_aNLR _jМд40 Г-7/12 |
||
| 856 | 0 | _uhttp://vivaldi.nlr.ru/ab000001592/view | |
| 856 | 1 | _uhttp://vivaldi.nlr.ru/ab000001592/cover | |
| 856 | 2 | _uhttp://vivaldi.nlr.ru/ab000001592/text | |
| 901 | _eКнижные издания | ||
| 942 | _cBOOK | ||
| 945 | _aРоссийская национальная библиотека | ||
| 980 | _aNB | ||
| 980 | _aBV | ||
| 981 | 3 | 7 |
_a(37) Ленинград в Великой Отечественной войне _b(37) Книги блокадного Ленинграда |
| 981 | 3 | 4 | _a(34) Санкт-Петербург |